000 00363 a2200157 4500
001 152467
040 _cEscola São Tomás de Aquino
100 _aMELO NETO, João Cabral de
240 1 0 _aPoemas para ler na escola.
_lpor
245 1 0 _aPoemas para ler na escola.
300 _a239
362 0 _a2010
440 1 _aObjetiva
697 _aPoesia
942 _cBK
999 _c152467
_d152467